Faculty of Law Library — Cairo University

Official Online Catalog

Collection of ICC arbitral awards, 1974-1985 = (Record no. 65871)

MARC details
000 -LEADER
fixed length control field 01249cam a2200349 i 4500
003 - CONTROL NUMBER IDENTIFIER
control field EG-GICUC
005 - DATE AND TIME OF LATEST TRANSACTION
control field 20260309091536.0
008 - FIXED-LENGTH DATA ELEMENTS--GENERAL INFORMATION
fixed length control field 891012m19909999fr frw 001 0 eng d
020 ## - INTERNATIONAL STANDARD BOOK NUMBER
International Standard Book Number 9284200814
Qualifying information v. 1
020 ## - INTERNATIONAL STANDARD BOOK NUMBER
International Standard Book Number 9065443975
Qualifying information v. 1 : Kluwer
040 ## - CATALOGING SOURCE
Original cataloging agency DLC
Transcribing agency DLC
Modifying agency DLC
Language of cataloging eng
Description conventions rda
050 00 - LIBRARY OF CONGRESS CALL NUMBER
Classification number K2400.A495
Item number C65 1990
082 00 - DEWEY DECIMAL CLASSIFICATION NUMBER
Classification number 347.85
Edition number 21
092 04 - LOCALLY ASSIGNED DEWEY CALL NUMBER (OCLC)
Edition number 21
099 ## - LOCAL FREE-TEXT CALL NUMBER (OCLC)
Classification number Law 12 1990
100 1# - MAIN ENTRY--PERSONAL NAME
Personal name Jarvin, Sigvard.
245 10 - TITLE STATEMENT
Title Collection of ICC arbitral awards, 1974-1985 =
Remainder of title Recueil des sentences arbitrales de la CCI /
Statement of responsibility, etc. Sigvard Jarvin, Yves Derains.
264 ## - PRODUCTION, PUBLICATION, DISTRIBUTION, MANUFACTURE, AND COPYRIGHT NOTICE
Place of production, publication, distribution, manufacture Paris ;
-- New York :
Name of producer, publisher, distributor, manufacturer ICC Pub. ;
Place of production, publication, distribution, manufacture Deventer ;
-- Boston :
Name of producer, publisher, distributor, manufacturer Kluwer Law and Taxation Publishers,
Date of production, publication, distribution, manufacture, or copyright notice 1990.
300 ## - PHYSICAL DESCRIPTION
Extent xlix, 176 pages ;
Dimensions 30 cm.
336 ## - CONTENT TYPE
Content type term text
Source rdacontent
337 ## - MEDIA TYPE
Media type term Computer
Source rdamedia
338 ## - CARRIER TYPE
Carrier type term Online Resource
Source rdacarrier
490 1# - SERIES STATEMENT
Series statement ICC publication ;
650 #0 - SUBJECT ADDED ENTRY--TOPICAL TERM
Topical term or geographic name entry element International commercial arbitration
Form subdivision Cases.
700 1# - ADDED ENTRY--PERSONAL NAME
Personal name Derains, Yves.
710 2# - ADDED ENTRY--CORPORATE NAME
Corporate name or jurisdiction name as entry element International Chamber of Commerce.
740 0# - ADDED ENTRY--UNCONTROLLED RELATED/ANALYTICAL TITLE
Uncontrolled related/analytical title Recueil des sentences arbitrales de la CCI.
830 #0 - SERIES ADDED ENTRY--UNIFORM TITLE
Uniform title Publication (International Chamber of Commerce)
856 40 - ELECTRONIC LOCATION AND ACCESS
Uniform Resource Identifier <a href="https://fll.law.cu.edu.eg/fulltext/bks/ENGB12-00067.pdf">https://fll.law.cu.edu.eg/fulltext/bks/ENGB12-00067.pdf</a>
905 ## - Cataloger and Reviser Names
Cataloger Name: Hend El khosy
942 ## - ADDED ENTRY ELEMENTS (KOHA)
Source of classification or shelving scheme Dewey Decimal Classification
Koha item type Books
Edition 21
Suppress in OPAC No
Holdings
Withdrawn status Lost status Source of classification or shelving scheme Damaged status Not for loan Collection Home library Current library Date acquired Total checkouts Full call number Barcode Date last seen Copy number Price effective from Koha item type Public note
    Dewey Decimal Classification     القانون الدولي الخاص جــــامعة القــاهرة مكتبة كلية الحقوق - فـرع الشيخ زايد 09.03.2026   Law2 12 347.85 JA . C 1990 1200067 C1 ENGB12-00067 09.03.2026 1 09.03.2026 Books 1697
    Dewey Decimal Classification     القانون الدولي الخاص جــــامعة القــاهرة مكتبة كلية الحقوق - فـرع الشيخ زايد 09.03.2026   Law2 12 347.85 JA . C 1990 1200068 C2 ENGB12-00068 09.03.2026 1 09.03.2026 Books 1698

© All rights reserved — Faculty of Law, Cairo University